000 00639nam a2200229Ia 4500
003 OSt
005 20221007064009.0
006 a|||||r|||| 00| 0
007 ta
008 221006b |||||||| |||| 00| 0 eng d
024 _a12,592
037 _cTextual
040 _aFLL
_cFLL
_beng
041 _2eng
_aeng
082 _aV2Q7:2:9Zy7, J7
100 _aJennings Ivor Au.
_9685075
245 0 _aConstitutional problems in Pakistan
260 _aCambridge
_bCambridge university press U.S.A.
_c1957
300 _a378p
_ccm.
942 _hV2Q7:2:9Zy7, J7
_cTEXL
_2CC
999 _c1132740
_d1132740